00438cam a2200181ua 45000010005000000080039000050200018000440400009000620410008000710820013000791000027000922450044001192500009001632600030001723000017002026530018002196530019002373881150224n ii |||gr||||Z||||||asm a81-7339-151-3 cMAIN aasm a891.4511 aBaruah, Prahlad Kumar, aKabitar sauravcby Prahlad Kumar Baruah a1st. aDibrugarh:bBanalata,996. a172p:c23cm. aAssamese poem aKabitar saurav